Prophets, priests, and kings (Record no. 366388)

000 -LEADER
fixed length control field 00412cam a22001457a 4500
008 - FIXED-LENGTH DATA ELEMENTS--GENERAL INFORMATION
fixed length control field 180718b1908 xxu||||| |||| 00| 0 eng d
082 ## - DEWEY DECIMAL CLASSIFICATION NUMBER
Classification number A98 G168
100 ## - MAIN ENTRY--PERSONAL NAME
Personal name Gardiner, A.G.
245 ## - TITLE STATEMENT
Title Prophets, priests, and kings
Statement of responsibility, etc. by A.G. Gardiner
260 ## - PUBLICATION, DISTRIBUTION, ETC.
Place of publication, distribution, etc. London
Name of publisher, distributor, etc. Alston Rivers
Date of publication, distribution, etc. 1908
300 ## - PHYSICAL DESCRIPTION
Extent 332p.
650 ## - SUBJECT ADDED ENTRY--TOPICAL TERM
Topical term or geographic name entry element Prophets - Biography
650 ## - SUBJECT ADDED ENTRY--TOPICAL TERM
Topical term or geographic name entry element Pariests - Biography
650 ## - SUBJECT ADDED ENTRY--TOPICAL TERM
Topical term or geographic name entry element Kings and Rules - Biography
Holdings
Withdrawn status Lost status Damaged status Not for loan Permanent Location Current Location Date acquired Full call number Barcode Date last seen Price effective from Koha item type
        Indian Institute of Public Administration Indian Institute of Public Administration 2010-02-03 A98 G168 A17 2018-07-21 2018-07-21 A

Powered by Koha